[Event "Nakhchivan Open 2016"]
[Site "Nakhchivan AZE"]
[Date "2016.05.13"]
[Round "4.23"]
[White "Ibrahimova, Sabina"]
[Black "Fataliyeva, Ulviyya"]
[Result "1-0"]
[WhiteTitle "WIM"]
[BlackTitle "WIM"]
[WhiteElo "2184"]
[BlackElo "2301"]
[WhiteFideId "13403893"]
[BlackFideId "13403052"]
[EventDate "2016.05.10"]

1. e4 e6 2. d4 d5 3. Nc3 Bb4 4. e5 c5 5. Bd2 Ne7 6. Nb5 Bxd2+ 7. Qxd2 O-O 8.
dxc5 Nd7 9. Qc3 a6 10. Nd6 Qc7 11. f4 Qxc5 12. Qxc5 Nxc5 13. Nf3 b5 14. Bd3 Bd7
15. O-O Nc6 16. Rad1 Rad8 17. Ng5 g6 18. h4 f6 19. Nf3 fxe5 20. Nxe5 Nxe5 21.
fxe5 Bc6 22. Be2 h5 23. Rxf8+ Rxf8 24. Bd3 Kg7 25. Re1 Rf4 26. a3 d4 27. b4 Nd7
28. a4 bxa4 29. Bc4 Nf8 30. Bxa6 Rg4 31. Bf1 Nd7 32. b5 Bd5 1-0

[Event "Nakhchivan Open 2016"]
[Site "Nakhchivan AZE"]
[Date "2016.05.13"]
[Round "4.24"]
[White "Idrisov, Tabriz"]
[Black "Ahmadzada, Ahmad"]
[Result "1-0"]
[BlackTitle "CM"]
[WhiteElo "2273"]
[BlackElo "2207"]
[WhiteFideId "13402870"]
[BlackFideId "13413007"]
[EventDate "2016.05.10"]

1. Nf3 Nf6 2. d4 e6 3. e3 b6 4. Bd3 Bb7 5. Nbd2 d5 6. O-O Bd6 7. b3 O-O 8. Bb2
Ne4 9. c4 Nd7 10. Qc2 f5 11. cxd5 exd5 12. Ne5 Nxd2 13. Qxd2 Nxe5 14. dxe5 Be7
15. Rad1 Qc8 16. Qe2 c5 17. f4 Qc6 18. Qc2 Qg6 19. Rf3 h5 20. Rg3 Qe6 21. Rf3 g6
22. Rf2 Rad8 23. Rfd2 Bc6 24. a4 a5 25. Be2 Rd7 26. Bf3 Rfd8 27. h3 h4 28. Kh2
Kf7 29. Be2 Bb7 30. e4 dxe4 31. Rxd7 Rxd7 32. Bc4 Bd5 33. Rxd5 Rxd5 34. b4 Kf8
35. Qb3 Rd3 36. Bxe6 Rxb3 37. Bxb3 cxb4 38. Kg1 Bc5+ 39. Kf1 Ke7 40. Ke2 Bg1 41.
Bc1 Bc5 42. Bd2 Kd7 43. Be1 Be7 44. Bf2 Kc6 45. Bf7 g5 46. fxg5 Bxg5 47. Bc4 f4
48. Bd4 Be7 49. e6 Bd8 50. Be5 Bg5 51. Bb5+ Kd5 52. Bxf4 Bf6 53. Be3 Bd8 54.
Bxb6 b3 55. Kd1 Bg5 56. Bxa5 1-0

[Event "Nakhchivan Open 2016"]
[Site "Nakhchivan AZE"]
[Date "2016.05.14"]
[Round "5.2"]
[White "Asadli, Vugar"]
[Black "Kuzubov, Yuriy"]
[Result "0-1"]
[WhiteTitle "FM"]
[BlackTitle "GM"]
[WhiteElo "2397"]
[BlackElo "2632"]
[WhiteFideId "13405764"]
[BlackFideId "14112906"]
[EventDate "2016.05.10"]

1. e4 c6 2. c4 d5 3. exd5 cxd5 4. cxd5 Nf6 5. Nc3 Nxd5 6. Nf3 e6 7. d4 Nxc3 8.
bxc3 Qc7 9. Bd2 Nd7 10. Bd3 Bd6 11. O-O b6 12. Re1 Bb7 13. h3 O-O 14. c4 Rad8
15. Qe2 Rfe8 16. Bc3 Nf8 17. Ng5 Be7 18. Qh5 g6 19. Qh6 Bf6 20. Ne4 Bg7 21. Qg5
Bxe4 22. Rxe4 f5 23. Re3 Bxd4 24. Bxd4 Rxd4 25. Bxf5 Qg7 26. Bc2 Rd2 0-1

[Event "Nakhchivan Open 2016"]
[Site "Nakhchivan AZE"]
[Date "2016.05.14"]
[Round "5.3"]
[White "Enkhtuul, Altan-Ulzii"]
[Black "Khenkin, Igor"]
[Result "1/2-1/2"]
[WhiteTitle "WGM"]
[BlackTitle "GM"]
[WhiteElo "2208"]
[BlackElo "2575"]
[WhiteFideId "4901444"]
[BlackFideId "4659600"]
[EventDate "2016.05.10"]

1. Nf3 d5 2. d4 Nf6 3. c4 e6 4. g3 Bb4+ 5. Bd2 a5 6. a3 Be7 7. Qc2 O-O 8. Bg2
Nbd7 9. O-O c6 10. Rc1 Ne4 11. Be1 b6 12. Nbd2 Nxd2 13. Nxd2 Ba6 14. e4 Rc8 15.
b4 dxe4 16. Qxe4 Nf6 17. Qe3 b5 1/2-1/2

[Event "Nakhchivan Open 2016"]
[Site "Nakhchivan AZE"]
[Date "2016.05.14"]
[Round "5.4"]
[White "Abasov, Nijat"]
[Black "Mirzoev, Azer"]
[Result "0-1"]
[WhiteTitle "GM"]
[BlackTitle "GM"]
[WhiteElo "2571"]
[BlackElo "2510"]
[WhiteFideId "13402960"]
[BlackFideId "13400304"]
[EventDate "2016.05.10"]

1. d4 d5 2. Nf3 Nf6 3. c4 dxc4 4. e3 Bg4 5. Bxc4 e6 6. Nc3 Nbd7 7. O-O a6 8. a3
c5 9. dxc5 Bxc5 10. b4 Be7 11. Bb2 O-O 12. Be2 h6 13. h3 Bh5 14. Rc1 Rc8 15. Qb3
Qb6 16. Na4 Qa7 17. g4 Bg6 18. Ne5 Be4 19. Nxd7 Nxd7 20. Nc3 Bc6 21. b5 axb5 22.
Nxb5 Qb8 23. Bd4 e5 24. Bb2 Nc5 25. Qa2 Ne4 26. Nc3 Nd2 27. Rfd1 Rfd8 28. Rc2
Nf3+ 29. Bxf3 Bxf3 30. Rxd8+ Rxd8 31. e4 Bh4 32. Qc4 Rd4 33. Qc5 Qd8 34. Kh2 Rd2
35. Nd5 Rd1 36. Rc1 Rxc1 37. Bxc1 Bxe4 38. Nc3 Bc6 39. Qxe5 Bxf2 0-1

[Event "Nakhchivan Open 2016"]
[Site "Nakhchivan AZE"]
[Date "2016.05.14"]
[Round "5.5"]
[White "Pavlov, Sergey2"]
[Black "Beradze, Irakli"]
[Result "1-0"]
[WhiteTitle "IM"]
[WhiteElo "2452"]
[BlackElo "2425"]
[WhiteFideId "14114330"]
[BlackFideId "13604597"]
[EventDate "2016.05.10"]

1. c4 c6 2. d4 d5 3. Nc3 Nf6 4. e3 Bf5 5. cxd5 cxd5 6. Qb3 Nc6 7. Qxb7 Bd7 8.
Qb3 Rb8 9. Qd1 e5 10. Nf3 Bd6 11. dxe5 Nxe5 12. Be2 O-O 13. O-O Qc7 14. Nd4 Qc8
15. Bd2 Rxb2 16. Ncb5 Bxb5 17. Nxb5 Bb8 18. Bc1 Rc2 19. Ba3 Re8 20. Nd4 Rc7 21.
Bd6 Rc3 22. Bb4 Rc7 23. Bb5 Rd8 24. Ba5 h5 25. Qe2 Neg4 26. h3 Ne5 27. f4 Ng6
28. Bxc7 Qxc7 29. Rac1 Qd6 30. Rc6 Qf8 31. Rfc1 h4 32. Ba6 Ne7 33. R6c2 Re8 34.
Qf3 Bd6 35. Bd3 g6 36. Nb5 Bb8 37. Nd4 Bd6 38. Qf2 Qh6 39. Nf3 Ne4 40. Bxe4 dxe4
41. Qxh4 Qxh4 42. Nxh4 g5 43. Rd1 Bb8 44. fxg5 Bg3 45. Rc4 Bxh4 46. Rxe4 Bg3 47.
Kf1 Kf8 48. Rd7 Nc6 49. Rxe8+ Kxe8 50. Rb7 a5 51. Ke2 Kf8 52. Kf3 Be1 53. Ke4
Nb4 54. a3 Nc2 55. a4 Nb4 56. Rb5 Na6 57. h4 Nc7 58. Rb8+ Kg7 59. h5 Bb4 60. Kf5
Nd5 61. h6+ Kh7 62. Rb7 Kg8 63. g6 Ne7+ 64. Kf6 Nxg6 65. Rxf7 Nf8 66. Rg7+ Kh8
67. Rb7 Nh7+ 68. Kg6 Nf8+ 69. Kf5 Bd2 70. Re7 Bb4 71. Rf7 Kg8 72. Rg7+ Kh8 73.
g4 Bd2 74. Re7 1-0

[Event "Nakhchivan Open 2016"]
[Site "Nakhchivan AZE"]
[Date "2016.05.14"]
[Round "5.6"]
[White "Bashirli, Nail"]
[Black "Alekseev, Evgeny"]
[Result "0-1"]
[WhiteTitle "FM"]
[BlackTitle "GM"]
[WhiteElo "2384"]
[BlackElo "2633"]
[WhiteFideId "13406809"]
[BlackFideId "4138147"]
[EventDate "2016.05.10"]

1. e4 e5 2. Nf3 Nc6 3. Bb5 a6 4. Ba4 Nf6 5. O-O Be7 6. Re1 b5 7. Bb3 d6 8. c3
O-O 9. h3 Nb8 10. d3 Nbd7 11. Nbd2 Bb7 12. Nf1 h6 13. Nh4 Nc5 14. Ng6 Nxb3 15.
Qxb3 Re8 16. Ne3 d5 17. Nxe7+ Rxe7 18. Nf5 Re6 19. Re3 dxe4 20. Rg3 Nh5 21. Rg4
Kh7 22. dxe4 Qd3 23. Qb4 a5 24. Qc5 Bxe4 25. Ng3 Nf6 26. Rh4 Bc6 27. f3 Rd8 28.
Kh2 Qc2 29. Qe3 Kg8 30. a4 bxa4 31. c4 Rd3 32. Qe2 Qxe2 33. Nxe2 g5 34. Rxh6
Ng4+ 35. fxg4 Rxh6 36. Ng3 Rd1 0-1

[Event "Nakhchivan Open 2016"]
[Site "Nakhchivan AZE"]
[Date "2016.05.14"]
[Round "5.7"]
[White "Tiviakov, Sergei"]
[Black "Karayev, Kanan"]
[Result "1-0"]
[WhiteTitle "GM"]
[BlackTitle "CM"]
[WhiteElo "2591"]
[BlackElo "2216"]
[WhiteFideId "1008013"]
[BlackFideId "13406671"]
[EventDate "2016.05.10"]

1. e4 e5 2. Bc4 Nf6 3. d3 Bc5 4. Nf3 Nc6 5. c3 O-O 6. b4 Bb6 7. a4 a6 8. O-O d6
9. Bb3 Ne7 10. a5 Ba7 11. Be3 Ng6 12. Nbd2 Bxe3 13. fxe3 d5 14. exd5 Nxd5 15.
Bxd5 Qxd5 16. Qc2 Bg4 17. h3 Bxf3 18. Nxf3 Rad8 19. d4 exd4 20. exd4 Rfe8 21.
Rae1 f6 22. Qd2 b5 23. Re3 Ne5 24. Nxe5 Rxe5 25. Rxe5 Qxe5 26. Re1 Qd6 27. Qa2+
Kf8 28. Qc2 h6 29. Qe4 Kf7 30. Kf2 c6 31. h4 h5 32. Re3 g6 33. g3 f5 34. Qe5
Qxe5 35. Rxe5 Kf6 36. Kf3 Kf7 37. Ke3 Rd6 38. Kf4 Re6 39. Kg5 Rd6 40. Rc5 Kg7
41. d5 cxd5 42. Rc7+ Kf8 43. Rb7 Rc6 44. Rb6 Rxc3 45. Rxa6 Rxg3+ 46. Kf6 Kg8 47.
Rb6 f4 48. a6 Ra3 49. Kxg6 Kf8 50. Kxh5 f3 51. Kg6 f2 52. Rf6+ Kg8 53. Rxf2
Rxa6+ 54. Kf5 Rc6 55. Ke5 Rc4 56. Rf4 Kg7 57. Rd4 Kf7 58. Kxd5 Rc1 59. Re4 Rc2
60. h5 Rh2 61. Re5 Rh4 62. Kc5 Kf6 63. Rd5 Ke6 64. Rd6+ Kf7 65. Kxb5 Rxh5+ 66.
Ka6 Ke7 67. Rd1 1-0

[Event "Nakhchivan Open 2016"]
[Site "Nakhchivan AZE"]
[Date "2016.05.14"]
[Round "5.8"]
[White "Naghdiyev, Niyazi"]
[Black "Malakhatko, Vadim"]
[Result "1/2-1/2"]
[WhiteTitle "FM"]
[BlackTitle "GM"]
[WhiteElo "2351"]
[BlackElo "2501"]
[WhiteFideId "13405519"]
[BlackFideId "14104202"]
[EventDate "2016.05.10"]

1. d4 Nf6 2. c4 e6 3. Nf3 b6 4. g3 Ba6 5. Qa4 Be7 6. Bg2 O-O 7. Nc3 c6 8. O-O d5
9. Ne5 Qe8 10. cxd5 cxd5 11. Qxe8 1/2-1/2

[Event "Nakhchivan Open 2016"]
[Site "Nakhchivan AZE"]
[Date "2016.05.14"]
[Round "5.9"]
[White "Rasulov, Vugar"]
[Black "Pirverdiyev, Agil"]
[Result "1-0"]
[WhiteTitle "GM"]
[WhiteElo "2486"]
[BlackElo "2355"]
[WhiteFideId "13402390"]
[BlackFideId "13400568"]
[EventDate "2016.05.10"]

1. d4 Nf6 2. Nf3 e6 3. g3 b6 4. Bg2 Bb7 5. O-O Be7 6. c4 O-O 7. d5 exd5 8. Nd4
c6 9. cxd5 Nxd5 10. e4 Nc7 11. Nf5 d5 12. Re1 Re8 13. exd5 cxd5 14. Nc3 Bf8 15.
Rxe8 Qxe8 16. Bf4 Nba6 17. Qg4 Qe6 18. Bd6 Qg6 19. Qf4 Bxd6 20. Nxd6 Bc6 21. Re1
Ne6 22. Qh4 Nac7 23. Nc4 Bb7 24. Ne3 Qg5 25. Qxg5 Nxg5 26. f4 Nge6 27. f5 Nc5
28. Nexd5 Nxd5 29. Nxd5 Kf8 30. b4 Bxd5 31. Bxd5 Rd8 32. Bc4 Nb7 33. Bb3 Nd6 34.
Rd1 Ke7 35. g4 Rc8 36. Rd3 h5 37. h3 hxg4 38. hxg4 Ra8 39. Kg2 a5 40. Rc3 Kd7
41. Rd3 Ke7 42. bxa5 Rxa5 43. Kf3 Re5 44. Rd4 b5 45. Rd3 Rc5 46. Kf4 Rc1 47. Ke5
Nc4+ 48. Kd4 Rg1 49. Kc5 Rxg4 50. Kxb5 Nd6+ 51. Kc5 Nxf5 52. a4 Rg6 53. a5 Nd6
54. Bd5 Nc8 55. Rf3 Kd8 56. Rxf7 Rg1 57. a6 g5 58. a7 Rc1+ 59. Kd4 Nxa7 60. Rxa7
Rc7 61. Ra6 Rc1 62. Ke5 Kc7 63. Ra7+ Kb6 64. Rb7+ Ka5 65. Kd4 Ka6 66. Rb4 g4 67.
Bc4+ Ka7 68. Rb3 g3 69. Rxg3 Kb6 70. Rg6+ Kc7 71. Kc5 Kd7 72. Rg7+ Ke8 73. Ra7
Kf8 74. Kd5 Kg8 75. Rc7 Kh8 76. Ke6 Rc3 77. Kd5 Rc1 78. Ra7 Kg8 79. Kd4+ Kh8 80.
Bd3 Rd1 81. Ke4 Kg8 82. Rd7 Kf8 83. Rb7 Kg8 84. Bc4+ Kh8 85. Ke5 Rd7 86. Rb8+
Kg7 87. Be6 Rd2 88. Rg8+ Kh7 89. Rg3 Rh2 90. Kf6 Rh6+ 91. Kf7 Rh5 92. Bg4 Rh4
93. Bf5+ Kh6 94. Kf6 1-0

[Event "Nakhchivan Open 2016"]
[Site "Nakhchivan AZE"]
[Date "2016.05.14"]
[Round "5.10"]
[White "Bagheri, Maziar"]
[Black "Sevdimaliyev, Urfan"]
[Result "0-1"]
[BlackTitle "GM"]
[WhiteElo "2266"]
[BlackElo "2400"]
[WhiteFideId "12530913"]
[BlackFideId "13402463"]
[EventDate "2016.05.10"]

1. Nf3 d5 2. g3 Nf6 3. Bg2 g6 4. b3 Bg7 5. Bb2 O-O 6. c4 c6 7. O-O a5 8. d3 Bg4
9. Nbd2 Nbd7 10. h3 Bxf3 11. Nxf3 Qc7 12. Qc2 e5 13. cxd5 Nxd5 14. Rac1 Rfe8 15.
a3 Rad8 16. Nd2 Nf8 17. Qc4 Ne6 18. Bxd5 Rxd5 19. Qxd5 cxd5 20. Rxc7 Nxc7 21.
Rc1 Ne6 22. Kf1 Kf8 23. Bc3 Ra8 24. a4 Ke8 25. Bb2 Ra6 26. e3 Kd7 27. Ke2 Rc6
28. Rxc6 Kxc6 29. e4 dxe4 30. Nxe4 b5 31. axb5+ Kxb5 32. Bc3 Nd4+ 33. Bxd4 exd4
34. Kd1 f5 35. Ng5 h6 36. Ne6 Be5 37. Nd8 Kc5 38. Kc2 Kb6 39. Nf7 Bg7 40. Nd6
Kc5 41. Nc4 Kb4 42. Kb2 Bh8 43. Na3 Be5 44. Nc2+ Kc5 45. Ne1 Bd6 46. Ng2 g5 47.
Ne1 Kd5 48. Nf3 Bb4 49. g4 fxg4 50. hxg4 Bd6 51. Kc2 Bf4 52. Ng1 Kc5 53. Ne2 Bd6
54. Ng1 Kd5 55. Kd1 Ke5 56. Ne2 Kd5 57. Kc2 Ke5 58. Kc1 Bb4 59. Kd1 Bd6 60. Ke1
Bb4+ 61. Kf1 Bc3 62. f3 Kd5 63. Nc1 Bb2 64. Na2 Ba3 65. Ke1 Ke5 66. Ke2 Kf4 67.
Kf2 Ke5 68. Ke2 Kd5 69. Kd2 Kd6 70. Kd1 Ke5 71. Ke1 Bb2 72. Kf1 Kf4 73. Ke2 Ke5
74. Ke1 Ba3 75. Kf1 Kd5 76. Ke2 Kc5 77. Kd2 Kb5 78. Kc2 a4 79. b4 Bxb4 80. Nc1
Bc3 81. Kb1 Kb4 82. Ka2 Bd2 83. Ne2 Be3 84. Kb2 a3+ 85. Kc2 Bf2 86. Nc1 Ka4 87.
Ne2 Be3 88. Ng3 a2 89. Kb2 a1=Q+ 90. Kxa1 Kb3 91. Nf5 Kc2 92. Nxh6 Kxd3 93. Kb2
Ke2 0-1

[Event "Nakhchivan Open 2016"]
[Site "Nakhchivan AZE"]
[Date "2016.05.14"]
[Round "5.11"]
[White "Burmakin, Vladimir"]
[Black "Mammadzada, Gunay"]
[Result "1-0"]
[WhiteTitle "GM"]
[BlackTitle "WGM"]
[WhiteElo "2554"]
[BlackElo "2318"]
[WhiteFideId "4105109"]
[BlackFideId "13403729"]
[EventDate "2016.05.10"]

1. d4 d5 2. Nf3 Nf6 3. c4 c6 4. Qb3 dxc4 5. Qxc4 Bg4 6. Nbd2 e6 7. Qb3 Qb6 8. e3
Nbd7 9. Be2 Be7 10. O-O O-O 11. Nc4 Qc7 12. h3 Bh5 13. Bd2 b5 14. Na5 Rfc8 15.
Rfc1 Qb6 16. Bb4 Bd8 17. Qa3 Nd5 18. Nb3 a5 19. Bd6 Bc7 20. Bxc7 Rxc7 21. Nc5
Nf8 22. Qd3 f6 23. a4 Nb4 24. Qd1 Bf7 25. Qd2 Nd7 26. Nxd7 Rxd7 27. axb5 cxb5
28. Qxb4 axb4 29. Rxa8+ Rd8 30. Rcc8 Rxc8 31. Rxc8+ Be8 32. Rxe8+ Kf7 33. Rc8
Qa5 34. Rc2 b3 35. Rd2 Qb4 36. Kf1 Ke7 37. Ke1 Kd6 38. Bd3 f5 39. h4 g6 40. Ke2
Qa4 41. g3 Qa5 42. Rd1 Qa2 43. Nd2 e5 44. dxe5+ Kxe5 45. Bxb5 Qxb2 46. Rb1 Qc2
47. Rxb3 Kf6 48. Bd3 Qc7 49. Nf3 Qa7 50. Rc3 Qa2+ 51. Rc2 Qd5 52. Nd4 Qa5 53.
Rc6+ Ke7 54. Ra6 Qd5 55. Ra7+ Kf6 56. Rxh7 Qa2+ 57. Nc2 1-0

[Event "Nakhchivan Open 2016"]
[Site "Nakhchivan AZE"]
[Date "2016.05.14"]
[Round "5.12"]
[White "Mustafin, Andrey"]
[Black "Iskandarov, Misratdin"]
[Result "0-1"]
[WhiteTitle "FM"]
[BlackTitle "IM"]
[WhiteElo "2299"]
[BlackElo "2419"]
[WhiteFideId "13406744"]
[BlackFideId "13400312"]
[EventDate "2016.05.10"]

1. e4 c5 2. b3 Nc6 3. Bb2 e5 4. Bc4 d6 5. Nf3 Be7 6. O-O Bg4 7. d3 Nf6 8. Nbd2
O-O 9. Re1 a6 10. c3 b5 11. Bd5 Nxd5 12. exd5 Nb8 13. d4 Nd7 14. dxe5 Nxe5 15.
h3 Nxf3+ 16. Nxf3 Bh5 17. Qd3 Bf6 18. Nd2 Bg6 19. Ne4 Be5 20. Qe3 Bxe4 21. Qxe4
Qf6 22. Re3 Rae8 23. Qc2 c4 24. Rf3 Qh4 25. Qf5 g6 26. Qd7 Qe4 27. bxc4 bxc4 28.
Qa4 Rb8 29. Re3 Qf5 30. Rf3 Qe4 31. Re3 Qxd5 32. Rd1 Qb5 33. Qxb5 Rxb5 34. Ba3
Rfb8 35. g3 Rb1 36. Ree1 Rxd1 37. Rxd1 g5 38. Bb4 f5 39. Kg2 Kf7 40. f4 gxf4 41.
gxf4 Bxf4 42. Rd4 Rg8+ 43. Kf1 Be5 44. Rxc4 Ke6 45. Rh4 Rg7 46. Rh6+ Kd5 47. c4+
Kxc4 48. Bxd6 Bd4 49. Bh2 a5 50. Ra6 Ra7 51. Rc6+ Kb4 52. Rd6 Bb2 53. Rd5 Ka3
54. Rxf5 Kxa2 55. Bg1 Ra6 56. Rh5 h6 57. Be3 Bg7 58. Rb5 a4 59. Ke2 Rc6 60. Kd3
a3 61. Rc5 Re6 62. Ra5 Bb2 63. Bc5 Re5 64. Kc2 Re2+ 65. Kd3 Rh2 66. Bf8 Rxh3+
67. Kc2 Rh2+ 68. Kd3 Kb1 69. Bxa3 Bxa3 70. Rb5+ Bb2 71. Ke3 Kc2 72. Rc5+ Bc3 73.
Kf3 Kd3 74. Kg3 Ra2 0-1

[Event "Nakhchivan Open 2016"]
[Site "Nakhchivan AZE"]
[Date "2016.05.14"]
[Round "5.13"]
[White "Kazimova, Narmin"]
[Black "Emiroglu, Cankut"]
[Result "1/2-1/2"]
[WhiteTitle "WGM"]
[BlackTitle "FM"]
[WhiteElo "2364"]
[BlackElo "2302"]
[WhiteFideId "13402951"]
[BlackFideId "6306659"]
[EventDate "2016.05.10"]

1. d4 Nf6 2. c4 e6 3. Nc3 Bb4 4. Nf3 Bxc3+ 5. bxc3 b6 6. Bg5 Bb7 7. e3 h6 8. Bh4
d6 9. Bd3 Nbd7 10. O-O g5 11. Bg3 Ne4 1/2-1/2

[Event "Nakhchivan Open 2016"]
[Site "Nakhchivan AZE"]
[Date "2016.05.14"]
[Round "5.14"]
[White "Muradli, Mahammad"]
[Black "Bayramov, Elvin"]
[Result "1/2-1/2"]
[WhiteTitle "FM"]
[WhiteElo "2352"]
[BlackElo "2262"]
[WhiteFideId "13409301"]
[BlackFideId "13406655"]
[EventDate "2016.05.10"]

1. d4 Nf6 2. c4 g6 3. Nc3 Bg7 4. e4 d6 5. Nf3 O-O 6. Be2 e5 7. Be3 exd4 8. Nxd4
Re8 9. f3 Nc6 10. O-O Nxd4 11. Bxd4 Bd7 12. Qd2 Bc6 13. Rfd1 Nd7 14. Bxg7 Kxg7
15. b4 b6 16. Nd5 a5 17. a3 Bxd5 18. cxd5 axb4 19. axb4 Qf6 20. Rac1 Ra7 21. Bb5
Re7 22. Rc2 Nf8 23. Rdc1 Ra1 24. Rxa1 Qxa1+ 25. Rc1 Qe5 26. g3 Ne6 27. Rd1 Ng5
28. Kg2 h6 29. Re1 Ne6 30. Rd1 Ng5 31. Re1 Ne6 32. Rd1 Ng5 33. Qd4 Qxd4 34. Rxd4
Nh7 35. h4 h5 36. Bd3 g5 37. hxg5 Nxg5 38. f4 Nh7 39. Rc4 Nf6 40. Kf3 Ng4 41.
Rc2 Kh6 42. Rc6 Kg7 43. Rc2 Kh6 44. Rc1 f5 45. e5 dxe5 46. Bxf5 Nf6 47. Be6 exf4
48. gxf4 Rg7 49. Rc6 Ne8 50. Ke4 Rg1 51. Bd7+ Nd6+ 52. Ke5 Re1+ 53. Kf6 Rd1 54.
Rxc7 Rxd5 55. Ke6 Rd4 56. Rc6 Rxb4 57. Rxd6 Rxf4 58. Rd5 Rf1 59. Re5 h4 60. Be8
Rf4 61. Ke7 Rc4 62. Kf8 Rc5 63. Re6+ Kg5 64. Rxb6 h3 65. Rb3 h2 66. Rh3 Rc2 67.
Bd7 Kf6 68. Rf3+ Ke5 69. Rh3 Kf6 70. Ke8 Re2+ 71. Kd8 Rd2 72. Kc7 Ke5 73. Bg4
Kf4 74. Be6 Ke5 75. Bd7 Rc2+ 76. Kb6 Kf4 77. Kb5 Rd2 78. Be6 Re2 79. Bc8 Rb2+ 1/2-1/2

[Event "Nakhchivan Open 2016"]
[Site "Nakhchivan AZE"]
[Date "2016.05.14"]
[Round "5.15"]
[White "Sevgi, Volkan"]
[Black "Hasanzade, Toghrul"]
[Result "1/2-1/2"]
[WhiteTitle "FM"]
[BlackTitle "FM"]
[WhiteElo "2210"]
[BlackElo "2326"]
[WhiteFideId "6325335"]
[BlackFideId "13407716"]
[EventDate "2016.05.10"]

1. e4 Nf6 2. e5 Nd5 3. c4 Nb6 4. d4 d6 5. exd6 cxd6 6. Nc3 g6 7. Be3 Bg7 8. Nf3
Bg4 9. h3 Bxf3 10. Qxf3 Nc6 11. Rd1 O-O 12. c5 Nc8 13. Bb5 Qc7 14. O-O dxc5 15.
dxc5 e6 16. Ne4 N8e7 17. Nf6+ Bxf6 18. Qxf6 Nd5 19. Rxd5 exd5 20. Bh6 Qe5 21.
Qxe5 1/2-1/2

[Event "Nakhchivan Open 2016"]
[Site "Nakhchivan AZE"]
[Date "2016.05.14"]
[Round "5.16"]
[White "Mamedjarova, Zeinab"]
[Black "Mammadov, Zaur"]
[Result "1/2-1/2"]
[WhiteTitle "WGM"]
[BlackTitle "GM"]
[WhiteElo "2236"]
[BlackElo "2465"]
[WhiteFideId "13401521"]
[BlackFideId "13401033"]
[EventDate "2016.05.10"]

1. d4 d5 2. e3 Nf6 3. Bd3 c5 4. c3 Nc6 5. Nd2 cxd4 6. exd4 g6 7. Ngf3 Bg7 8. O-O
O-O 9. Re1 a6 10. a4 Qc7 11. h3 Rb8 12. Nb3 Nh5 13. Bg5 f6 14. Be3 e5 15. dxe5
fxe5 16. Bf1 Nf6 17. a5 e4 18. Bb6 Qf7 19. Ng5 Qd7 20. c4 Qf5 21. Qd2 Bh6 22. h4
Qg4 23. cxd5 Ne5 24. Qc3 Bxg5 25. Qxe5 Bf4 26. Qc3 Nxd5 27. Qc4 Be6 28. Rxe4 Bf7
29. Qd4 Rbe8 30. Nc5 Rxe4 31. Nxe4 Re8 32. Re1 h5 33. Bc4 Be5 34. Qd3 Nf4 35.
Bxf7+ Kg7 36. Qf3 Qxf3 37. gxf3 Kxf7 38. Ng5+ Kf6 39. Bd4 Nd3 40. Re3 Rd8 41.
Bxe5+ Nxe5 42. Kg2 Rd5 43. Rb3 Rxa5 44. Rxb7 Nd3 45. Kg3 Ke5 46. Rd7 Nf4 47.
Re7+ Kd6 48. Re4 Nd3 49. Re6+ Kd7 50. Rxg6 Nxb2 51. Rh6 Ra1 52. Rxh5 a5 53. Rh8
a4 54. Ra8 Nd3 55. f4 a3 56. h5 a2 57. Nh3 Nxf2 58. h6 Rh1 59. Ra7+ Kd6 60. Rxa2
Rxh3+ 61. Kxf2 Rxh6 62. Kg2 Rh4 63. Rf2 Rh6 64. Kg3 Ke7 65. Ra2 Rb6 66. Kg4 Kf6
67. Rh2 Rb5 68. Rh6+ Kg7 69. Rc6 Kf7 1/2-1/2

[Event "Nakhchivan Open 2016"]
[Site "Nakhchivan AZE"]
[Date "2016.05.14"]
[Round "5.17"]
[White "Khalafova, Narmin"]
[Black "Noroozi, Omid"]
[Result "0-1"]
[WhiteTitle "WIM"]
[BlackTitle "IM"]
[WhiteElo "2193"]
[BlackElo "2391"]
[WhiteFideId "13402625"]
[BlackFideId "12501190"]
[EventDate "2016.05.10"]

1. e4 c5 2. Be2 Nc6 3. f4 g6 4. Nf3 Bg7 5. O-O d5 6. d3 b6 7. exd5 Qxd5 8. Na3
Bb7 9. Nb5 O-O-O 10. c4 Qd7 11. Ne5 Nxe5 12. fxe5 Bxe5 13. Nxa7+ Kb8 14. Nb5 Nf6
15. Bh6 g5 16. Qa4 Ng4 17. Qa7+ Kc8 18. Qxb6 Nxh6 19. Qxh6 f6 20. Rab1 Rhg8 21.
b4 Rg6 22. Qh5 g4 23. bxc5 Kb8 24. d4 Qc6 25. d5 Qxc5+ 26. Kh1 Qe3 27. Bxg4 Rh6
28. Rbe1 Qd2 29. Re2 Rxh5 30. Rxd2 Rxh2+ 31. Kg1 Rh4 32. Be2 Bf4 33. Rd3 Bh2+
34. Kf2 Rxc4 35. Rh3 Rc2 36. Nd4 Rd2 37. Ke3 Rxd4 38. Kxd4 Rxd5+ 39. Ke3 Bd6 40.
Rd1 Bc5+ 41. Kf4 Rg5 42. g4 Bf2 43. Rd8+ Kc7 44. Re8 e5+ 45. Rxe5 Rxe5 46. Rxh7+
Kb6 47. Bd3 Re3 48. g5 Rf3+ 49. Kg4 Rg3+ 50. Kf5 fxg5 51. Rh2 Bc8+ 52. Kg6 Rxd3
53. Rxf2 g4 54. Kg5 g3 55. Rb2+ Ka6 0-1

[Event "Nakhchivan Open 2016"]
[Site "Nakhchivan AZE"]
[Date "2016.05.14"]
[Round "5.18"]
[White "Mamedjarova, Turkan"]
[Black "Gasimov, Parviz"]
[Result "0-1"]
[WhiteTitle "WGM"]
[BlackTitle "FM"]
[WhiteElo "2257"]
[BlackElo "2375"]
[WhiteFideId "13402005"]
[BlackFideId "13408798"]
[EventDate "2016.05.10"]

1. e4 e6 2. d4 d5 3. exd5 exd5 4. Nf3 Nf6 5. Bd3 c5 6. c3 Be7 7. O-O O-O 8. Ne5
Nc6 9. Re1 Be6 10. Bg5 Nxe5 11. dxe5 Nd7 12. Bxe7 Qxe7 13. f4 f5 14. Nd2 Rad8
15. Nf3 Nb6 16. Qe2 h6 17. Rac1 Rd7 18. Qf2 Rc7 19. Qg3 Qf7 20. Nh4 Rd7 21. Qg6
c4 22. Bc2 d4 23. cxd4 Rxd4 24. Qxf7+ Rxf7 25. Rcd1 Rd5 26. g4 Rxd1 27. Rxd1 Rd7
28. gxf5 Rxd1+ 29. Bxd1 Bd5 30. e6 c3 31. bxc3 Bxa2 32. Ng6 a5 33. Bh5 a4 34.
Ne5 Kf8 0-1

[Event "Nakhchivan Open 2016"]
[Site "Nakhchivan AZE"]
[Date "2016.05.14"]
[Round "5.19"]
[White "Abdulla, Khayala"]
[Black "Mammadova, Gulnar"]
[Result "0-1"]
[WhiteTitle "WGM"]
[BlackTitle "WGM"]
[WhiteElo "2209"]
[BlackElo "2319"]
[WhiteFideId "13401807"]
[BlackFideId "13403508"]
[EventDate "2016.05.10"]

1. e4 e6 2. d4 d5 3. Nc3 Bb4 4. exd5 exd5 5. Bd3 Nc6 6. Ne2 Nge7 7. O-O Bf5 8.
a3 Bxc3 9. bxc3 O-O 10. Ng3 Bxd3 11. Qxd3 Na5 12. Nh5 Ng6 13. Qg3 Nc4 14. Bg5 f6
15. Bf4 Qd7 16. Qf3 c6 17. Be3 Rae8 18. Rfe1 Nh4 19. Qg3 Ng6 20. Qf3 Re6 21. a4
Qe7 22. Ng3 Nh4 23. Qh5 f5 24. Bd2 Nxd2 25. Rxe6 Qxe6 26. Qxh4 f4 27. Nf1 Nc4
28. f3 Qg6 29. Qf2 a5 30. Rb1 b6 31. Qe2 Re8 32. Qd3 Qg5 33. Kf2 b5 34. axb5
cxb5 35. g3 fxg3+ 36. hxg3 Qe7 37. Qf5 Na3 38. Qxd5+ Kh8 39. Rc1 Qe2+ 40. Kg1
Nxc2 41. Rxc2 Qxc2 42. Qxb5 Rc8 43. Qxa5 h6 44. Qd5 Rxc3 45. Qf7 Qd3 46. Qe8+
Kh7 47. Qe4+ Qxe4 48. fxe4 Rc4 49. Kf2 Rxd4 50. Kf3 Kg6 51. Ne3 Kg5 52. Nf5 Rd3+
53. Ne3 Kf6 54. Ke2 Rb3 55. Kf2 h5 56. Nd5+ Ke5 57. Nf4 Kxe4 58. Nxh5 Rb2+ 59.
Kg1 g5 60. g4 Kf3 61. Nf6 Rb6 62. Nd5 Rd6 0-1